| 000 | 01346nam a2200313 i 4500 | ||
|---|---|---|---|
| 001 | 000021029 | ||
| 003 | OSt | ||
| 005 | 20230720115753.0 | ||
| 007 | ta | ||
| 008 | 100830s1990 dr 000 0 spa d | ||
| 040 |
_aDO-SdBNP _bspa _cBNPHU _erda |
||
| 082 | 4 |
_a337.8 _bR444s, 1990 _222 |
|
| 110 | 2 |
_aAsociación Latinoamericana de Instituciones Financieras de Desarrollo. _bAsamblea General. _bReunión Ordinaria _n(20 : _d1990 : _cSanto Domingo, República Dominicana) _943996 |
|
| 245 | 1 | 3 |
_aEl sistema económico internacional y la inserción latinoamericana / _cpresentación Jesús Villamizar Angulo. |
| 264 |
_aSanto Domingo : _bALIDE, _c1990 |
||
| 300 |
_a536 páginas ; _c22 cm. |
||
| 336 |
_2rdacontent _atexto _btxt |
||
| 337 |
_2rdamedia _asin mediación _bn |
||
| 338 |
_2rdacarrier _avolumen _bnc |
||
| 500 | _aIncluye bibliografía y notas al pie de las páginas | ||
| 504 | _aBibliografía : 79-81 | ||
| 590 | _aInventariado, 2018/LP | ||
| 650 | 4 |
_aEconomía internacional _943997 _vCongresos, conferencias, etc. |
|
| 651 | 4 |
_aAmérica Latina _xPolítica económica _xCongresos, conferencias, etc. _944000 |
|
| 651 | 4 |
_aAmérica Latina _xIntegración económica _xCongresos, conferencias, etc. _944001 |
|
| 700 | 1 | 2 |
_aVillamizar, Angulo Jesús, _epresentación _944002 |
| 910 | _aValidado. Control de calidad MFF | ||
| 942 |
_2ddc _cLBS1 |
||
| 999 |
_c20532 _d20532 |
||